[Event "15sen.Woerishofen op_05.03.-14.03.99"]
[Site "?"]
[Date "1999.??.??"]
[Round "2"]
[White "Walther, Diethelm"]
[Black "Ganslmayer, Herbert"]
[Result "1-0"]
[WhiteElo "2015"]
[BlackElo "1790"]
[PlyCount "130"]
[EventDate "1999.??.??"]

1. d4 d5 2. Nf3 e6 3. Bf4 Bd6 4. Bg3 f5 5. e3 Nf6 6. c4 c6 7. Nc3 O-O 8. Ne5
Ne4 9. Nxe4 fxe4 10. Qd2 Qe7 11. c5 Bc7 12. Be2 a5 13. O-O Qd8 14. Bg4 Na6 15.
b3 Bd7 16. a3 Qe7 17. Rfc1 Bxe5 18. Bxe5 Qg5 19. Be2 Qf5 20. f3 exf3 21. Bxf3
Be8 22. Qe2 Bg6 23. Bg4 Qe4 24. Bxe6+ Kh8 25. Bg4 Rae8 26. Bf3 Qf5 27. Ra2 Rxe5
28. dxe5 Qxe5 29. Rb2 Re8 30. b4 axb4 31. axb4 Bd3 32. Qd2 Bb5 33. Qd4 Qg5 34.
Re1 Rf8 35. Kh1 Nc7 36. Rf2 Bc4 37. Kg1 Ne6 38. Qd2 Qe7 39. Bg4 Ng5 40. Rxf8+
Qxf8 41. Qf2 Qe7 42. Bf5 g6 43. Bb1 Kg7 44. Qf4 Nf7 45. e4 Ne5 46. Qe3 d4 47.
Qxd4 Qf6 48. Qf2 Qd8 49. h3 h5 50. Bc2 Qg5 51. Kh1 Qe7 52. Rd1 Kh7 53. Rd6 Qg5
54. Kh2 h4 55. Rd1 Qe7 56. Qf4 Kg7 57. Kh1 Be2 58. Rd2 Bc4 59. Bb1 Bb5 60. Ba2
Ba6 61. Rd6 Bc4 62. Bxc4 Nxc4 63. Rd4 Ne5 64. Kh2 Qc7 65. Rd7+ Nf7 1-0

[Event "15sen.Woerishofen op_05.03.-14.03.99"]
[Site "?"]
[Date "1999.??.??"]
[Round "4"]
[White "Betz, Egon"]
[Black "Gensbaur, Viktor"]
[Result "1-0"]
[WhiteElo "1915"]
[BlackElo "1785"]
[PlyCount "67"]
[EventDate "1999.??.??"]

1. e4 e5 2. Nf3 Nc6 3. d4 exd4 4. Nxd4 d6 5. Be2 Nge7 6. Bg5 Nxd4 7. Qxd4 Nc6
8. Qd2 Be7 9. Bxe7 Qxe7 10. Nc3 O-O 11. O-O-O Be6 12. f4 f6 13. g4 Bf7 14. Bf3
Rab8 15. Rhe1 Rfc8 16. h4 Qf8 17. g5 Be6 18. Nd5 Bxd5 19. exd5 Ne7 20. Re6 fxg5
21. hxg5 Ng6 22. Bg4 Re8 23. Rxe8 Rxe8 24. Be6+ Kh8 25. f5 Ne5 26. Qh2 h6 27.
Rf1 Kh7 28. Qh5 Rd8 29. gxh6 gxh6 30. f6 Kh8 31. Qf5 Nf7 32. Rg1 Re8 33. Bxf7
Re5 34. Qg6 1-0

[Event "15sen.Woerishofen op_05.03.-14.03.99"]
[Site "?"]
[Date "1999.??.??"]
[Round "2"]
[White "Buchner, Matthias"]
[Black "Krafzik, Joachim"]
[Result "0-1"]
[WhiteElo "1710"]
[BlackElo "1895"]
[PlyCount "71"]
[EventDate "1999.??.??"]

1. e4 e6 2. d4 a6 3. Nf3 b5 4. Be2 Bb7 5. Nbd2 Nf6 6. e5 Nd5 7. O-O Nf4 8. Re1
Nxe2+ 9. Qxe2 Nc6 10. c3 Ne7 11. Ne4 h6 12. Nc5 Bc6 13. h3 Nf5 14. Ne4 Be7 15.
Bd2 O-O 16. Rad1 Bd5 17. b3 Qe8 18. Bc1 Bc6 19. Kh2 a5 20. a3 a4 21. b4 Rb8 22.
Ng3 Nh4 23. Nxh4 Bxh4 24. Qg4 Bxg3+ 25. Qxg3 Kh8 26. Qh4 Kh7 27. Rd3 f5 28.
exf6 Rxf6 29. Rg3 Qf7 30. f3 d6 31. Bg5 Rf5 32. Bd2 Bd5 33. Rg5 Rf6 34. Rg4 Rf8
35. Bg5 Rf5 36. Bd2 0-1

[Event "15sen.Woerishofen op_05.03.-14.03.99"]
[Site "?"]
[Date "1999.??.??"]
[Round "3"]
[White "Boell, Alfons_Willi"]
[Black "Koenigl, Anton"]
[Result "1/2-1/2"]
[WhiteElo "1920"]
[BlackElo "1815"]
[PlyCount "46"]
[EventDate "1999.??.??"]

1. Nf3 d5 2. c4 e6 3. cxd5 exd5 4. d4 Nf6 5. e3 Bd6 6. Bd3 Nbd7 7. Nc3 c6 8.
O-O O-O 9. Qc2 Re8 10. e4 dxe4 11. Nxe4 Nxe4 12. Bxe4 h6 13. Bd2 Nf6 14. Bd3
Bg4 15. Ne5 Bxe5 16. dxe5 Rxe5 17. Bc3 Re8 18. h3 Be6 19. Rad1 Nd5 20. Rfe1 Qh4
21. Re4 Qe7 22. Bd4 Nf6 23. Rf4 Nd5 1/2-1/2

[Event "15sen.Woerishofen op_05.03.-14.03.99"]
[Site "?"]
[Date "1999.??.??"]
[Round "3"]
[White "Delander, Adolf"]
[Black "Schratzenstaller, Albert"]
[Result "1-0"]
[WhiteElo "2110"]
[BlackElo "1735"]
[PlyCount "59"]
[EventDate "1999.??.??"]

1. d4 Nf6 2. Nf3 g6 3. Nbd2 Bg7 4. e4 d6 5. Bc4 c6 6. O-O O-O 7. Re1 b5 8. Bb3
e6 9. a4 Bb7 10. c4 bxc4 11. Nxc4 d5 12. exd5 cxd5 13. Nce5 Nbd7 14. a5 Rc8 15.
Bd2 Nxe5 16. Nxe5 Ne4 17. Bb4 Nd6 18. Ba4 Qe7 19. Qb3 Qc7 20. Bxd6 Qxd6 21.
Qxb7 Rb8 22. Qd7 Qb4 23. Nc6 Qxb2 24. Nxb8 Bxd4 25. Nc6 Bxf2+ 26. Kh1 Bxe1 27.
Rxe1 Qc3 28. Rf1 Kg7 29. Nd8 Qxa5 30. Nxe6+ 1-0

[Event "15sen.Woerishofen op_05.03.-14.03.99"]
[Site "?"]
[Date "1999.??.??"]
[Round "3"]
[White "Manfeldt, Alfred"]
[Black "Brauner, Rudolf_Dr"]
[Result "1/2-1/2"]
[WhiteElo "1720"]
[BlackElo "2045"]
[PlyCount "62"]
[EventDate "1999.??.??"]

1. d4 Nf6 2. Nf3 g6 3. Bg5 Bg7 4. Nbd2 d5 5. e3 Bf5 6. Nh4 Bg4 7. Be2 Bxe2 8.
Qxe2 c6 9. O-O Nbd7 10. Bxf6 Nxf6 11. f4 e6 12. Nhf3 O-O 13. Ne5 Ne8 14. Qg4
Qe7 15. c3 f6 16. Nd3 Nd6 17. Rae1 Ne4 18. Nxe4 dxe4 19. Nc5 f5 20. Qd1 b6 21.
Nb3 Rfd8 22. Qe2 a6 23. Rd1 Bf8 24. g4 Qd7 25. Rd2 a5 26. Rfd1 a4 27. Na1 fxg4
28. Qxg4 Qd5 29. a3 b5 30. Nc2 Qf5 31. h3 Rac8 1/2-1/2

[Event "15sen.Woerishofen op_05.03.-14.03.99"]
[Site "?"]
[Date "1999.??.??"]
[Round "3"]
[White "Dinser, Hans"]
[Black "Witt, Horst"]
[Result "1-0"]
[WhiteElo "2000"]
[BlackElo "1720"]
[PlyCount "89"]
[EventDate "1999.??.??"]

1. d4 g6 2. c4 c6 3. Nc3 Bg7 4. e4 e6 5. f4 Ne7 6. Nf3 d5 7. Bd3 O-O 8. O-O
dxc4 9. Bxc4 b5 10. Bb3 a5 11. a4 Ba6 12. Re1 Qb6 13. Be3 Rd8 14. Rc1 Nd7 15.
d5 Nc5 16. d6 Rab8 17. Ba2 Nc8 18. e5 bxa4 19. Nxa4 Nxa4 20. Bxb6 Ncxb6 21. b3
Nb2 22. Qd2 Nd3 23. Qxa5 Nxe1 24. Nxe1 Bb5 25. Bb1 Nd5 26. g3 Bh6 27. Bd3 g5
28. Bxb5 cxb5 29. fxg5 Bxg5 30. Rc6 b4 31. Kg2 Ra8 32. Ra6 Rac8 33. Nf3 Bh6 34.
Nd4 Kh8 35. Nc6 Rg8 36. d7 Rxc6 37. Rxc6 Bg5 38. Rc8 Nf4+ 39. Kf3 Nd3 40. Rxg8+
Kxg8 41. d8=Q+ Bxd8 42. Qxd8+ Kg7 43. Qxd3 h5 44. Qd2 Kg6 45. h4 1-0

[Event "15sen.Woerishofen op_05.03.-14.03.99"]
[Site "?"]
[Date "1999.??.??"]
[Round "1"]
[White "Weber, Siegfried[27FECH]"]
[Black "Betz, Egon"]
[Result "0-1"]
[WhiteElo "1685"]
[BlackElo "1915"]
[PlyCount "42"]
[EventDate "1999.??.??"]

1. e4 c5 2. Nf3 Nc6 3. d4 cxd4 4. Nxd4 g6 5. Be3 Bg7 6. Nc3 Nf6 7. f3 O-O 8.
Qd2 d5 9. exd5 Nxd5 10. Nxd5 Qxd5 11. c3 Nxd4 12. Bxd4 Rd8 13. Be3 Qa5 14. Qc1
Bf5 15. Be2 Bd3 16. Kf2 a6 17. Rd1 Bxe2 18. Kxe2 Qb5+ 19. Ke1 Rxd1+ 20. Qxd1
Qxb2 21. Kf1 Qxc3 0-1

[Event "15sen.Woerishofen op_05.03.-14.03.99"]
[Site "?"]
[Date "1999.??.??"]
[Round "6"]
[White "Betz, Egon"]
[Black "Springer, Artur"]
[Result "1/2-1/2"]
[WhiteElo "1915"]
[BlackElo "1860"]
[PlyCount "63"]
[EventDate "1999.??.??"]

1. e4 c5 2. Nf3 Nc6 3. Bb5 d6 4. O-O Bd7 5. Re1 e6 6. c3 Nf6 7. d4 cxd4 8. cxd4
Be7 9. Nc3 a6 10. Bxc6 bxc6 11. Bg5 O-O 12. Qd2 Re8 13. Rad1 Qc7 14. e5 Nd5 15.
Ne4 dxe5 16. Bxe7 Rxe7 17. dxe5 h6 18. a3 Rf8 19. Qd4 Bc8 20. b4 Rd7 21. Nc5
Rdd8 22. Qc4 a5 23. Nd4 axb4 24. axb4 Qb6 25. Rb1 Ne7 26. b5 Rd5 27. Rec1 Rfd8
28. bxc6 Qc7 29. Ncb3 Qxe5 30. Nf3 Qf5 31. h3 R8d6 32. c7 1/2-1/2

[Event "15sen.Woerishofen op_05.03.-14.03.99"]
[Site "?"]
[Date "1999.??.??"]
[Round "8"]
[White "Betz, Egon"]
[Black "Delander, Adolf"]
[Result "0-1"]
[WhiteElo "1915"]
[BlackElo "2110"]
[PlyCount "72"]
[EventDate "1999.??.??"]

1. e4 c6 2. d4 d5 3. e5 Bf5 4. Nc3 e6 5. g4 Bg6 6. Nge2 f6 7. h4 fxe5 8. dxe5
Nd7 9. Nd4 Bf7 10. f4 Bc5 11. Nb3 Bb6 12. Na4 h5 13. Nxb6 axb6 14. Nd4 Nf8 15.
Bd3 Ne7 16. f5 hxg4 17. Qxg4 Ra4 18. c3 exf5 19. Bxf5 Nxf5 20. Qxf5 Rxh4 21.
O-O Qd7 22. Qxd7+ Nxd7 23. Rxf7 Raxd4 24. cxd4 Kxf7 25. Be3 Ke6 26. b4 c5 27.
bxc5 bxc5 28. dxc5 d4 29. Bf2 Rg4+ 30. Kh2 Nxc5 31. Kh3 Rf4 32. Bg3 Re4 33. Rb1
d3 34. Rb6+ Kf5 35. Rd6 Re3 36. Kg2 Rxg3+ 0-1

[Event "15sen.Woerishofen op_05.03.-14.03.99"]
[Site "?"]
[Date "1999.??.??"]
[Round "3"]
[White "Schwertel, Hans"]
[Black "Buchner, Matthias"]
[Result "1/2-1/2"]
[WhiteElo "2010"]
[BlackElo "1710"]
[PlyCount "54"]
[EventDate "1999.??.??"]

1. e4 c5 2. Bc4 e6 3. d3 a6 4. a4 Nc6 5. Nc3 Nf6 6. Bg5 Be7 7. f4 h6 8. Bxf6
Bxf6 9. e5 Be7 10. Nf3 O-O 11. Ne4 d5 12. exd6 Bxd6 13. g3 Nd4 14. c3 Nxf3+ 15.
Qxf3 Be7 16. O-O Bd7 17. Qe3 b6 18. Bb3 Bc6 19. Bc2 Bxe4 20. Qxe4 Qd5 21. Qe2
b5 22. Rfd1 Bf6 23. h3 b4 24. Qd2 Qf3 25. Kh2 Rfd8 26. Rf1 bxc3 27. bxc3 Qd5
1/2-1/2

[Event "15sen.Woerishofen op_05.03.-14.03.99"]
[Site "?"]
[Date "1999.??.??"]
[Round "3"]
[White "Scheerer, Helmut"]
[Black "Stumpf, Walter"]
[Result "1/2-1/2"]
[WhiteElo "1840"]
[BlackElo "1970"]
[PlyCount "87"]
[EventDate "1999.??.??"]

1. e4 c5 2. Nf3 Nc6 3. d4 cxd4 4. Nxd4 Nf6 5. Nc3 e5 6. Ndb5 d6 7. Na3 Be6 8.
Nc4 Rc8 9. Ne3 Be7 10. Be2 O-O 11. O-O Nd4 12. Bd3 Qd7 13. Ncd5 Nc6 14. c3 Bd8
15. Bc2 Ne8 16. f4 exf4 17. Nxf4 Ne5 18. Ned5 Nf6 19. Be3 b6 20. Ba4 b5 21.
Nxf6+ Bxf6 22. Bb3 Nc4 23. Bxc4 Bxc4 24. Re1 Be5 25. Nd3 Bxd3 26. Qxd3 a6 27.
Rad1 Qe6 28. a3 Qc4 29. Bd4 Qe6 30. Bf2 Rfe8 31. Re2 Rc4 32. Rde1 h6 33. h3 Kh8
34. Bg3 Rcc8 35. Qf3 Kg8 36. Qd3 Rc4 37. Qf3 Rc7 38. Qd3 Rce7 39. Bf2 Qc8 40.
Bd4 Qc6 41. Kf1 Re6 42. Bf2 R6e7 43. Qd5 Rc7 44. Kg1 1/2-1/2

[Event "15sen.Woerishofen op_05.03.-14.03.99"]
[Site "?"]
[Date "1999.??.??"]
[Round "5"]
[White "Diete, Guenter"]
[Black "Winter, Irene"]
[Result "1/2-1/2"]
[WhiteElo "1725"]
[BlackElo "1860"]
[PlyCount "60"]
[EventDate "1999.??.??"]

1. e4 e5 2. Nf3 Nc6 3. Bc4 Nf6 4. O-O Be7 5. d4 d6 6. d5 Nb8 7. Bd3 Bg4 8. c4
Nbd7 9. Be3 O-O 10. Nc3 a5 11. Be2 Bxf3 12. Bxf3 Nb6 13. Be2 Nfd7 14. b3 Bg5
15. Qd2 Bxe3 16. Qxe3 Qe7 17. Rad1 Nf6 18. f4 exf4 19. Rxf4 Nbd7 20. Rdf1 Ne5
21. Rxf6 gxf6 22. Qh6 Kh8 23. Rf5 Rg8 24. Qf4 Rg7 25. Rxf6 Rag8 26. g3 Ng6 27.
Qf2 Qe5 28. Nb5 Nh4 29. Rf4 Ng6 30. Rf6 Nh4 1/2-1/2

[Event "15sen.Woerishofen op_05.03.-14.03.99"]
[Site "?"]
[Date "1999.??.??"]
[Round "5"]
[White "Weber, Siegfried[27FECH]"]
[Black "Borchert, Reinhard"]
[Result "1/2-1/2"]
[WhiteElo "1685"]
[BlackElo "1795"]
[PlyCount "64"]
[EventDate "1999.??.??"]

1. e4 d5 2. exd5 Nf6 3. Bb5+ Bd7 4. Bc4 b5 5. Bb3 c5 6. dxc6 Nxc6 7. Nf3 Bg4 8.
h3 Bh5 9. d3 e6 10. Be3 Be7 11. Nbd2 a5 12. a3 O-O 13. g4 Bg6 14. Nh4 Nd5 15.
Nxg6 Nxe3 16. Nxe7+ Qxe7 17. fxe3 Qh4+ 18. Kf1 Ne5 19. Kg2 a4 20. Ba2 Kh8 21.
d4 f5 22. Qe2 fxg4 23. hxg4 Qxg4+ 24. Qxg4 Nxg4 25. Bxe6 Nxe3+ 26. Kg3 Rf6 27.
d5 Raf8 28. Ne4 Rg6+ 29. Kh2 Rg2+ 30. Kh3 Rf3+ 31. Kh4 Rg6 32. Nd6 h5 1/2-1/2

[Event "15sen.Woerishofen op_05.03.-14.03.99"]
[Site "?"]
[Date "1999.??.??"]
[Round "5"]
[White "Scheidt, Eugen"]
[Black "Zunker, Reinhard_Dr"]
[Result "0-1"]
[WhiteElo "1840"]
[BlackElo "2170"]
[PlyCount "92"]
[EventDate "1999.??.??"]

1. d4 Nf6 2. c4 g6 3. Nc3 Bg7 4. e4 d6 5. f3 O-O 6. Be3 Nc6 7. Qd2 a6 8. O-O-O
e5 9. d5 Ne7 10. g4 Ne8 11. Bd3 f5 12. gxf5 gxf5 13. exf5 Bxf5 14. Be4 b6 15.
h4 Nf6 16. Nge2 Bxe4 17. Nxe4 Qd7 18. Rdg1 Nf5 19. Bg5 Ne8 20. h5 Kh8 21. h6
Bf6 22. Bxf6+ Nxf6 23. Qg5 Ne8 24. N2g3 Nxg3 25. Rxg3 Qf7 26. Rh4 c6 27. Nxd6
Qf6 28. Ne4 Qxg5+ 29. Nxg5 cxd5 30. cxd5 Nd6 31. Ne6 Rac8+ 32. Kd2 Nf5 33. Rhg4
Nxg3 34. Rxg3 Rg8 35. Rg7 Rxg7 36. hxg7+ Kg8 37. Ke3 Kf7 38. Ke4 Kf6 39. b3 h5
40. a3 Rg8 41. b4 h4 42. f4 exf4 43. Kxf4 Rxg7 44. Nxg7 Kxg7 45. a4 Kf6 46. a5
b5 0-1

[Event "15sen.Woerishofen op_05.03.-14.03.99"]
[Site "?"]
[Date "1999.??.??"]
[Round "5"]
[White "Ziltener, Werner"]
[Black "Kasueschke, Gregor"]
[Result "1-0"]
[WhiteElo "1965"]
[BlackElo "2105"]
[PlyCount "69"]
[EventDate "1999.??.??"]

1. Nf3 d5 2. d4 Nf6 3. c4 c6 4. e3 e6 5. Nc3 Nbd7 6. Qc2 Bd6 7. Be2 O-O 8. O-O
dxc4 9. e4 e5 10. Bg5 h6 11. Bh4 exd4 12. Nxd4 Ne5 13. Rad1 Nd3 14. Bxd3 cxd3
15. Rxd3 Qe7 16. f4 Bc5 17. Kh1 Be6 18. e5 Bxd4 19. Rxd4 Qc5 20. Qd2 Nd5 21.
Ne4 Qb5 22. Qf2 Ne3 23. Re1 Nf5 24. Nd6 Qb6 25. Nxf5 Bxf5 26. Qd2 Be6 27. b3
Rfe8 28. Rd3 a5 29. Rg3 Qb4 30. Qc1 a4 31. a3 Qf8 32. b4 Rac8 33. Qb1 g6 34. f5
g5 35. Bxg5 1-0

[Event "15sen.Woerishofen op_05.03.-14.03.99"]
[Site "?"]
[Date "1999.??.??"]
[Round "5"]
[White "Escher, Helmut"]
[Black "Krafzik, Joachim"]
[Result "1/2-1/2"]
[WhiteElo "2015"]
[BlackElo "1895"]
[PlyCount "88"]
[EventDate "1999.??.??"]

1. d4 b6 2. Nf3 f5 3. g3 Nf6 4. Bg2 Bb7 5. c4 e6 6. Nc3 Bb4 7. Bd2 O-O 8. O-O
Bxc3 9. Bxc3 Ne4 10. Rc1 d6 11. b4 Nd7 12. Bb2 a5 13. a3 Ra7 14. Qc2 Qe7 15. e3
axb4 16. axb4 d5 17. c5 Ba6 18. Ra1 Rfa8 19. Rfc1 Bc4 20. Rxa7 Rxa7 21. Ra1
Rxa1+ 22. Bxa1 b5 23. Qb2 Qd8 24. Qa3 Qc8 25. Qa7 c6 26. Ne5 Nef6 27. Bc3 Nxe5
28. dxe5 Nd7 29. h3 Nf8 30. f3 Bd3 31. Bd4 Qd7 32. Qb8 h6 33. Kh2 Kf7 34. h4
Ng6 35. Kh3 Qe8 36. Qb7+ Ne7 37. Kh2 g5 38. hxg5 hxg5 39. Qa7 Qh8+ 40. Kg1 Qh5
41. Qa3 Be2 42. Kf2 Qh2 43. Qb2 Bc4 44. Qc1 Bd3 1/2-1/2

[Event "15sen.Woerishofen op_05.03.-14.03.99"]
[Site "?"]
[Date "1999.??.??"]
[Round "5"]
[White "Delander, Adolf"]
[Black "Koenigl, Anton"]
[Result "1-0"]
[WhiteElo "2110"]
[BlackElo "1815"]
[PlyCount "73"]
[EventDate "1999.??.??"]

1. d4 Nf6 2. Nf3 e6 3. c4 b6 4. e3 Bb7 5. Bd3 g6 6. Nbd2 Bg7 7. e4 d6 8. O-O
O-O 9. Rb1 d5 10. e5 Ne4 11. Re1 Nxd2 12. Bxd2 dxc4 13. Bxc4 Bd5 14. Rc1 Nc6
15. Bxd5 Qxd5 16. Be3 Rac8 17. Qa4 b5 18. Qa3 Rfe8 19. Rc5 Qd7 20. Rxb5 Bf8 21.
Qd3 a6 22. Rb7 Qd5 23. Qxa6 Nb4 24. Qb5 Qxa2 25. Rxc7 Rb8 26. Rb7 Rbc8 27. Ng5
Be7 28. Rxe7 Rxe7 29. Qxb4 Rec7 30. Ne4 Qa8 31. Nf6+ Kg7 32. Qd2 Rc2 33. Bh6+
Kh8 34. Qf4 Qb7 35. Nd7 f5 36. exf6 Qxd7 37. f7 1-0

[Event "15sen.Woerishofen op_05.03.-14.03.99"]
[Site "?"]
[Date "1999.??.??"]
[Round "6"]
[White "Buesdorf, Konrad"]
[Black "Delander, Adolf"]
[Result "1/2-1/2"]
[WhiteElo "1935"]
[BlackElo "2110"]
[PlyCount "40"]
[EventDate "1999.??.??"]

1. d4 d5 2. c4 c6 3. e3 Nf6 4. Nc3 e6 5. a3 Nbd7 6. Nf3 Bd6 7. c5 Bc7 8. b4 e5
9. a4 a6 10. Be2 O-O 11. O-O Ne4 12. Bb2 Nxc3 13. Bxc3 e4 14. Ne1 f5 15. g3 Nf6
16. Ng2 Bd7 17. h3 f4 18. exf4 Bxh3 19. Kh2 Qd7 20. Rh1 Bg4 1/2-1/2

[Event "15sen.Woerishofen op_05.03.-14.03.99"]
[Site "?"]
[Date "1999.??.??"]
[Round "6"]
[White "Marzoll, Wolfgang"]
[Black "Schampel, Arno"]
[Result "1/2-1/2"]
[WhiteElo "2020"]
[BlackElo "1745"]
[PlyCount "34"]
[EventDate "1999.??.??"]

1. Nf3 Nf6 2. g3 g6 3. Bg2 Bg7 4. O-O O-O 5. Re1 d6 6. e4 e5 7. d4 Nc6 8. c3
Bg4 9. d5 Ne7 10. Qb3 b6 11. Nh4 Qc8 12. Nd2 g5 13. Nhf3 h6 14. h4 Bxf3 15.
Nxf3 g4 16. Nh2 Nh5 17. Qd1 Nf6 1/2-1/2

[Event "15sen.Woerishofen op_05.03.-14.03.99"]
[Site "?"]
[Date "1999.??.??"]
[Round "6"]
[White "Oldach, Ehrenfried"]
[Black "Kahler, Kurt"]
[Result "1-0"]
[WhiteElo "2015"]
[BlackElo "1820"]
[PlyCount "41"]
[EventDate "1999.??.??"]

1. e4 e5 2. Nf3 Nc6 3. Bb5 f5 4. Nc3 Nd4 5. Nxe5 Qf6 6. Nf3 fxe4 7. Nxe4 Nxf3+
8. gxf3 Qe5 9. Qe2 c6 10. d4 Qe7 11. Bg5 Nf6 12. Nxf6+ gxf6 13. Bxf6 Qxe2+ 14.
Bxe2 Rg8 15. O-O-O Bh6+ 16. Kb1 Bf4 17. Bd3 h6 18. Bh7 Rg2 19. Rhg1 Rxh2 20.
Bg6+ Kf8 21. Rde1 1-0

[Event "15sen.Woerishofen op_05.03.-14.03.99"]
[Site "?"]
[Date "1999.??.??"]
[Round "6"]
[White "Kasueschke, Gregor"]
[Black "Janssen, Helmut"]
[Result "0-1"]
[WhiteElo "2105"]
[BlackElo "1845"]
[PlyCount "66"]
[EventDate "1999.??.??"]

1. c4 Nf6 2. Nc3 c5 3. g3 Nc6 4. Bg2 d6 5. Nf3 e5 6. O-O Be7 7. e3 O-O 8. d4
exd4 9. exd4 Bg4 10. Ne2 Qb6 11. Be3 Rad8 12. b3 Rfe8 13. d5 Bxf3 14. Bxf3 Ne5
15. Nc3 Nxf3+ 16. Qxf3 Nd7 17. Rad1 Ne5 18. Qe2 Qc7 19. f4 Ng6 20. Ne4 f5 21.
Nf2 Bf6 22. Qd3 Qd7 23. Kg2 Re7 24. Rde1 Rde8 25. Bd2 Bd4 26. Rxe7 Rxe7 27. Re1
Rxe1 28. Bxe1 Qe7 29. Bd2 Qf6 30. Nd1 Kf7 31. b4 b6 32. bxc5 bxc5 33. Nc3 a6
0-1

[Event "15sen.Woerishofen op_05.03.-14.03.99"]
[Site "?"]
[Date "1999.??.??"]
[Round "6"]
[White "Ruth, Walter"]
[Black "Diete, Guenter"]
[Result "0-1"]
[WhiteElo "1885"]
[BlackElo "1725"]
[PlyCount "74"]
[EventDate "1999.??.??"]

1. b3 c5 2. Bb2 d5 3. e3 Nc6 4. f4 Nf6 5. Nf3 Bg4 6. Bb5 a6 7. Bxc6+ bxc6 8. h3
Bf5 9. d3 h6 10. O-O Qc7 11. Nbd2 Rd8 12. Qe2 Bh7 13. Ne5 e6 14. e4 Be7 15. Ng4
d4 16. Nxf6+ Bxf6 17. Ba3 Be7 18. Qg4 O-O 19. e5 Rd5 20. Nc4 f5 21. exf6 Rxf6
22. Ne5 Bd6 23. Qh5 Bg6 24. Qg4 Bf5 25. Qg3 Bxe5 26. fxe5 Rg6 27. Qf3 Rxe5 28.
Rae1 Rxe1 29. Rxe1 Qa5 30. Re2 Qxa3 31. Kh2 Qc1 32. g4 Qg5 33. Rg2 h5 34. gxf5
Qxg2+ 35. Qxg2 Rxg2+ 36. Kxg2 exf5 37. Kg3 g5 0-1

[Event "15sen.Woerishofen op_05.03.-14.03.99"]
[Site "?"]
[Date "1999.??.??"]
[Round "6"]
[White "Fehres, Werner"]
[Black "Boell, Alfons_Willi"]
[Result "0-1"]
[WhiteElo "1820"]
[BlackElo "1920"]
[PlyCount "64"]
[EventDate "1999.??.??"]

1. e4 e5 2. Nf3 Nc6 3. Nc3 Bc5 4. Bc4 d6 5. h3 Nf6 6. d3 Nd4 7. Bb3 Nxb3 8.
axb3 c6 9. Qe2 Nh5 10. g3 g6 11. Be3 Bb6 12. Nd2 Be6 13. Nc4 Bxe3 14. Nxe3 Qd7
15. g4 Nf4 16. Qf3 h5 17. Ne2 Nxe2 18. Kxe2 Qe7 19. Qg2 a6 20. c4 O-O-O 21. f3
Rdg8 22. Qg1 Rg7 23. b4 Qd7 24. Rc1 f5 25. b5 axb5 26. cxb5 c5 27. Nc4 Bxc4 28.
dxc4 fxe4 29. fxe4 Rf8 30. Rf1 Rgf7 31. Rxf7 Qxf7 32. Qg2 Qxc4+ 0-1

[Event "15sen.Woerishofen op_05.03.-14.03.99"]
[Site "?"]
[Date "1999.??.??"]
[Round "1"]
[White "Berg, Gerd[35BERL]"]
[Black "Fehres, Werner"]
[Result "1-0"]
[WhiteElo "1700"]
[BlackElo "1820"]
[PlyCount "150"]
[EventDate "1999.??.??"]

1. c4 f5 2. e3 Nf6 3. Nc3 e6 4. d4 d5 5. cxd5 exd5 6. Nf3 c6 7. Be2 Bd6 8. Bd2
O-O 9. O-O Kh8 10. Ne5 Ng4 11. f4 Nh6 12. Rf3 Be6 13. Rg3 Nd7 14. Be1 Nf6 15.
Bf3 Rc8 16. Rh3 Be7 17. Qe2 Rc7 18. Bh4 Nfg4 19. Bg3 b5 20. a3 a5 21. Re1 Bf6
22. Qd1 Be7 23. Qd2 Qe8 24. Bh4 Nxe5 25. dxe5 Ng4 26. Bxe7 Rxe7 27. Qc2 g5 28.
Nd1 h5 29. g3 Rg7 30. Qc5 Rfg8 31. Re2 h4 32. fxg5 Rh7 33. Rg2 Rxg5 34. gxh4
Rgh5 35. Bxg4 fxg4 36. Rhg3 Rxh4 37. Nf2 Rg7 38. Qd6 Qg6 39. Qd8+ Bg8 40. Qxh4+
Bh7 41. Qd8+ Bg8 42. Rh3+ gxh3 43. Rxg6 Rxg6+ 44. Kh1 Kg7 45. Nxh3 Be6 46. Ng5
Bf5 47. Qe7+ Kh6 48. h4 Kh5 49. Kh2 Kxh4 50. Ne4+ Kg4 51. Nf2+ Kf3 52. Qf7 Rg5
53. Qf6 Rh5+ 54. Kg1 Ke2 55. e6 c5 56. e7 Bd7 57. Qg6 Re5 58. Qd3+ Kf3 59. e4+
Kf4 60. Qd2+ Kf3 61. Qh6 Ke2 62. Qg7 Rh5 63. e5 d4 64. Ne4 d3 65. Ng3+ Ke1 66.
Nxh5 d2 67. Qg3+ Kd1 68. Qd3 Be8 69. Nf6 c4 70. Qd8 Bg6 71. e8=Q Bd3 72. Qxd3
cxd3 73. Qc6 Ke1 74. Qe4+ Kd1 75. Qxd3 Kc1 1-0

[Event "15sen.Woerishofen op_05.03.-14.03.99"]
[Site "?"]
[Date "1999.??.??"]
[Round "3"]
[White "Schampel, Arno"]
[Black "Fehres, Werner"]
[Result "1-0"]
[WhiteElo "1745"]
[BlackElo "1820"]
[PlyCount "63"]
[EventDate "1999.??.??"]

1. d4 d5 2. c4 e6 3. cxd5 exd5 4. Nc3 Nf6 5. Bg5 Be7 6. e3 O-O 7. Bd3 c6 8. Qc2
Nbd7 9. Nf3 Re8 10. O-O Nf8 11. Rfe1 Bg4 12. Ne5 Bh5 13. h3 c5 14. Bb5 N6d7 15.
Bxe7 Rxe7 16. Nxd5 Re6 17. Nf4 Rh6 18. Nxd7 Nxd7 19. Bxd7 Qxd7 20. Qxc5 Bg6 21.
Rac1 Be4 22. Qc7 Qe8 23. Rc5 Rc6 24. Rxc6 Bxc6 25. d5 Qd7 26. Qxd7 Bxd7 27. Rc1
Rd8 28. Rc7 Bc8 29. e4 a6 30. Nd3 b5 31. Ne5 f5 32. Nc6 1-0

[Event "15sen.Woerishofen op_05.03.-14.03.99"]
[Site "?"]
[Date "1999.??.??"]
[Round "2"]
[White "Fehres, Werner"]
[Black "Hensel, Dorothea"]
[Result "1-0"]
[WhiteElo "1820"]
[BlackElo "1635"]
[PlyCount "87"]
[EventDate "1999.??.??"]

1. e4 c5 2. f4 d6 3. Nf3 g6 4. c3 Bg7 5. Na3 Nc6 6. Nc2 Nf6 7. d3 O-O 8. Ne3
Ng4 9. h3 Nxe3 10. Bxe3 f5 11. Qb3+ e6 12. O-O-O a5 13. exf5 Rxf5 14. g4 a4 15.
Qc2 Rf8 16. Kb1 a3 17. b3 Qa5 18. Rc1 b5 19. Rh2 b4 20. c4 Bb7 21. Rf2 Rac8 22.
h4 Nd4 23. Nxd4 cxd4 24. Bd2 Bf6 25. g5 Be7 26. Qd1 e5 27. Bh3 Rb8 28. Be6+ Kh8
29. Qe1 Bc8 30. Bxc8 Rfxc8 31. f5 gxf5 32. Rxf5 Rf8 33. Rxf8+ Bxf8 34. h5 Qc7
35. Qh1 Qe7 36. Qe4 Qb7 37. Qg4 Qg7 38. g6 Rb7 39. Rf1 Rc7 40. h6 Qg8 41. Rxf8
Qxf8 42. g7+ Rxg7 43. hxg7+ Qxg7 44. Qc8+ 1-0

[Event "15sen.Woerishofen op_05.03.-14.03.99"]
[Site "?"]
[Date "1999.??.??"]
[Round "6"]
[White "Krafzik, Joachim"]
[Black "Dinser, Hans"]
[Result "1-0"]
[WhiteElo "1895"]
[BlackElo "2000"]
[PlyCount "77"]
[EventDate "1999.??.??"]

1. f4 d5 2. c4 e6 3. e3 Nf6 4. Nf3 c6 5. b3 Bd6 6. Bb2 Nbd7 7. Nc3 Qc7 8. cxd5
exd5 9. Rc1 Qb8 10. Bd3 Nc5 11. Bb1 Bg4 12. O-O h5 13. Qe1 Bxf3 14. Rxf3 Qd8
15. Bf5 g6 16. Bb1 Rg8 17. Ne2 Ng4 18. h3 Nh6 19. Rf1 Ne4 20. d3 Nf6 21. e4
dxe4 22. dxe4 Be7 23. Qc3 h4 24. Rfd1 Qb6+ 25. Kf1 Qc7 26. Qe3 Nh5 27. Be5 Qb6
28. Bd4 Qc7 29. Bxa7 Ng3+ 30. Nxg3 hxg3 31. Bb6 Qc8 32. f5 g5 33. Qd4 f6 34.
Rc3 Qb8 35. Qd7+ Kf7 36. Qe6+ Kf8 37. Be3 Nf7 38. Rd7 Qe8 39. Rxe7 1-0

[Event "15sen.Woerishofen op_05.03.-14.03.99"]
[Site "?"]
[Date "1999.??.??"]
[Round "6"]
[White "Auf'm Wasser, Guenter"]
[Black "Weber, Gerhard_Dr[34LEV]"]
[Result "0-1"]
[WhiteElo "1635"]
[BlackElo "1845"]
[PlyCount "29"]
[EventDate "1999.??.??"]

1. f4 e5 2. fxe5 d6 3. exd6 Bxd6 4. Nf3 Nf6 5. Nc3 Ng4 6. e4 Bxh2 7. Ne2 Qd6 8.
Nxh2 Nxh2 9. d3 Nxf1 10. Rxf1 Bg4 11. Qd2 Nc6 12. Qf4 Qxf4 13. Bxf4 O-O-O 14.
Rf2 f6 15. a3 0-1